000 00657cam a2200229 4500
008 000000n1999 000 0 eng u
020 _a8790907000
035 _a(Sirsi) u106733
050 _a526.9
110 _aFederation International Des Geometres
245 _aQuality assurance in surveying education
260 _aDenmark
_bFIG
_c1999
300 _a38p. ; 21cm.
490 _aFIG Publication
_vNo.19 September 1999
650 _aFIG
650 _aSURVEYING
650 _aCAREERS, EDUCATION AND TRAINING
650 _aINTERNATIONAL
650 _aINTERNATIONAL FEDERATION OF SURVEYORS
690 _aMAPPING AND MEASUREMENT
942 _n0
999 _c100621
_d100621